Capitals of The World - Statistics

General Stats
  • This quiz has been taken 7 times
  • The average score is 73 of 191
Answers on the Map
Answers color-coded by a green-red scale on the quiz's map according to % correct below.
 
Answer Stats
Answer % Correct
Brasília
100%
Buenos Aires
100%
Ottawa
100%
Santiago
100%
Algiers
80%
Andorra la Vella
80%
Beijing
80%
Bogotá
80%
Cairo
80%
Canberra
80%
Dhaka
80%
Dili
80%
Dublin
80%
Havana
80%
Kabul
80%
Nassau
80%
New Delhi
80%
Reykjavík
80%
Santo Domingo
80%
Addis Ababa
60%
Asmara
60%
Astana
60%
Bandar Seri Begawan
60%
Bangui
60%
Belmopan
60%
Brussels
60%
Copenhagen
60%
Djibouti
60%
Gaborone
60%
Guatemala City
60%
Jakarta
60%
Kingston
60%
La Paz
60%
London
60%
Luanda
60%
Madrid
60%
Minsk
60%
Montevideo
60%
Moroni
60%
Moscow
60%
Paris
60%
Praia
60%
Quito
60%
San José
60%
Tehran
60%
Thimphu
60%
Tokyo
60%
Tripoli
60%
Vientiane
60%
Washington D.C
60%
Ankara
40%
Antananarivo
40%
Asunción
40%
Baghdad
40%
Baku
40%
Bamako
40%
Berlin
40%
Caracas
40%
Dakar
40%
Dodoma
40%
Georgetown
40%
Gitega
40%
Hanoi
40%
Harare
40%
Islamabad
40%
Juba
40%
Kampala
40%
Khartoum
40%
Kigali
40%
Kotte
40%
Lilongwe
40%
Lima
40%
Lisbon
40%
Lusaka
40%
Malé
40%
Manila
40%
Maputo
40%
Mexico City
40%
Mogadishu
40%
Nairobi
40%
N'Djamena
40%
Nouakchott
40%
Ouagadougou
40%
Panama City
40%
Paramaribo
40%
Phnom Penh
40%
Port Louis
40%
Port Moresby
40%
Pretoria
40%
Rabat
40%
Riyadh
40%
Sana'a
40%
San Salvador
40%
São Tomé
40%
Singapore
40%
Taipei
40%
Tegucigalpa
40%
Tunis
40%
Ulaanbaatar
40%
Victoria
40%
Wellington
40%
Yerevan
40%
Abu Dhabi
20%
Abuja
20%
Accra
20%
Amman
20%
Apia
20%
Athens
20%
Bangkok
20%
Banjul
20%
Basseterre
20%
Beirut
20%
Belgrade
20%
Bern
20%
Bishkek
20%
Bissau
20%
Bratislava
20%
Brazzaville
20%
Bridgetown
20%
Bucharest
20%
Budapest
20%
Castries
20%
Chișinău
20%
Conakry
20%
Damascus
20%
Doha
20%
Dushanbe
20%
Freetown
20%
Funafuti
20%
Helsinki
20%
Honiara
20%
Jerusalem
20%
Kathmandu
20%
Kingstown
20%
Kinshasa
20%
Kuala Lumpur
20%
Kuwait City
20%
Kyiv
20%
Libreville
20%
Ljubljana
20%
Lomé
20%
Luxembourg City
20%
Majuro
20%
Malabo
20%
Managua
20%
Manama
20%
Maseru
20%
Monaco
20%
Monrovia
20%
Muscat
20%
Naypyidaw
20%
Ngerulmud
20%
Niamey
20%
Nicosia
20%
Nukuʻalofa
20%
Oslo
20%
Palikir
20%
Podgorica
20%
Port of Spain
20%
Porto-Novo
20%
Port Vila
20%
Prague
20%
Pristina
20%
Pyongyang
20%
Riga
20%
Rome
20%
Roseau
20%
Saint George's
20%
Saint John's
20%
San Marino
20%
Sarajevo
20%
Skopje
20%
Sofia
20%
Stockholm
20%
Suva
20%
Tallinn
20%
Tarawa
20%
Tashkent
20%
Tbilisi
20%
Tirana
20%
Vaduz
20%
Valletta
20%
Vatican City
20%
Vienna
20%
Vilnius
20%
Warsaw
20%
Windhoek
20%
Yaoundé
20%
Yaren
20%
Zagreb
20%
Ashgabat
0%
No matching quizzes found
Score Distribution
Percent of People with Each Score
Percentile by Number Answered
Your Score History
You have not taken this quiz